| 000 | 00356nam a2200133 4500 | ||
|---|---|---|---|
| 005 | 20260530115258.0 | ||
| 100 | 1 |
_aLuis J. Prieto _930789 |
|
| 245 | 1 | 0 | _aPertinencia y práctica / Ensayos de Semilogía |
| 264 | 1 |
_bGustavo Gili _c1982 |
|
| 300 | _a235 páginas | ||
| 336 |
_atexto _2rdacontent |
||
| 337 |
_asin medio _2rdamedia |
||
| 338 |
_avolumen _2rdacarrier |
||
| 999 |
_c12713 _d12713 |
||